000 00568nam a2200229 a 4500
001 0001-1392
003 ELIB.Books
008 160727 2010 eng
020 _a9781576585528(pbk)
035 _a(ELIB.Books)0001-1547
092 _aB
_bBen
100 _aBenge, Janet.
245 _aD. L. Moody
_bBringing Souls to Christ
260 _aWaco
_bYWAM Publishing
_c2011
300 _a190
_c20.5 Cm
650 _aBiography
856 _nKBTS Library
_uKBTS: ELIB
942 _2ddc
_cBK
990 _a1
998 _cbat
_e2016-07-27
999 _c11392
_d11392